000 00755nam a2200253 i 4500
001 11266
003 ES-MaACL
005 20230906150050.0
007 t|
008 940330s1992 sp |||| | spa j
020 _a84-7100-530-1
080 _a396(8=60)"15/17"
100 1 _aMuriel, Josefina.
_984579
245 1 4 _aLas mujeres de Hispanoamérica
_b: época colonial /
_cJosefina Muriel.
260 _aMadrid :
_bMAPFRE,
_c[1992]
300 _a353 p. :
_bil. ;
_c23 cm.
490 1 _aRealidades americanas ;
_v8
500 _aÍndices.
504 _aBibliografía: p. [327]-340.
650 1 4 _aMujeres-
_zAmérica española.
_9168821
830 0 _aRealidades americanas ;
_v8
_9178987
852 _aES-MaACL
_jL-18595
999 _c11266
_d11266